000 00788nam a2200229Ii 4500
003 JO-AjNU
008 230605s9999||||xx |||||||||||||| ||und||
017 _a2020/11/4960
020 _a978-9957-008-13-0
040 _aJO-AjNU
_bara
_erda
_cJO-AjNU
041 _aara
050 1 4 _aRJ506.K4348 2021
100 3 _aالخطيب، جمال,
_eauthor
_962048
245 0 0 _aالاضطرابات الانفعالية والسلوكية
250 _aط1
264 3 1 _aعمان: دار الشروق اانشر والتوزيع، 2021
300 _a280ص
336 _atext
_btxt
_2rdacontent
337 _aunmediated
_bn
_2rdamedia
338 _avolume
_bnc
_2rdacarrier
650 4 _aالاضطرابات الانفعاية - توجية الطلاب- الارشاد النفسي
_962049
999 _aA28077
_c31645
_d31645